Lance Armstrong's war : (Record no. 339689)
[ view plain ]
| 000 -LEADER | |
|---|---|
| fixed length control field | 00736nam a2200265Ia 4500 |
| 008 - FIXED-LENGTH DATA ELEMENTS--GENERAL INFORMATION | |
| fixed length control field | 170711s9999 xx 000 0 und d |
| 020 ## - INTERNATIONAL STANDARD BOOK NUMBER | |
| International Standard Book Number | 9780061783715 |
| 050 ## - LIBRARY OF CONGRESS CALL NUMBER | |
| Classification number | 920 |
| 050 ## - LIBRARY OF CONGRESS CALL NUMBER | |
| Item number | C881 2005 |
| 100 ## - MAIN ENTRY--PERSONAL NAME | |
| Personal name | Coyle, Daniel |
| 245 ## - TITLE STATEMENT | |
| Title | Lance Armstrong's war : |
| 245 ## - TITLE STATEMENT | |
| Remainder of title | one man's battle against fate, fame, love, death, scandal, and a few other rivals on the road to the tour de France. |
| 245 ## - TITLE STATEMENT | |
| Statement of responsibility, etc | by Daniel Coyle. |
| 260 ## - PUBLICATION, DISTRIBUTION, ETC. (IMPRINT) | |
| Place of publication, distribution, etc | New York : |
| 260 ## - PUBLICATION, DISTRIBUTION, ETC. (IMPRINT) | |
| Name of publisher, distributor, etc | Harper, |
| 260 ## - PUBLICATION, DISTRIBUTION, ETC. (IMPRINT) | |
| Date of publication, distribution, etc | 2005 |
| 300 ## - PHYSICAL DESCRIPTION | |
| Extent | xiv, 375 pages : |
| 300 ## - PHYSICAL DESCRIPTION | |
| Other physical details | illustrations ; |
| 300 ## - PHYSICAL DESCRIPTION | |
| Dimensions | 20cm. |
| 650 ## - SUBJECT ADDED ENTRY--TOPICAL TERM | |
| Topical term or geographic name as entry element | Armstrong, Lance. |
| 650 ## - SUBJECT ADDED ENTRY--TOPICAL TERM | |
| Topical term or geographic name as entry element | Cyclists -- |
| 650 ## - SUBJECT ADDED ENTRY--TOPICAL TERM | |
| Topical term or geographic name as entry element | Cyclists. |
| 650 ## - SUBJECT ADDED ENTRY--TOPICAL TERM | |
| General subdivision | United States -- Biography. |
| 700 ## - ADDED ENTRY--PERSONAL NAME | |
| Personal name | Title. |
No items available.